| 000 | 01464nam a2200361Ia 4500 | ||
|---|---|---|---|
| 001 | ebr10277725 | ||
| 003 | CaPaEBR | ||
| 006 | m u | ||
| 007 | cr cn||||||||| | ||
| 008 | 081020s2008 mnu sb s001 0 eng d | ||
| 010 | _z 2008008574 | ||
| 020 | _z0816651043 (hc : alk. paper) | ||
| 020 | _z0816651051 (pb : alk. paper) | ||
| 020 | _z9780816651047 (hc : alk. paper) | ||
| 020 | _z9780816651054 (pb : alk. paper) | ||
| 040 |
_aCaPaEBR _cCaPaEBR |
||
| 035 | _a(OCoLC)646798568 | ||
| 050 | 1 | 4 |
_aE184.A1 _bS563 2008eb |
| 082 | 0 | 4 |
_a305.800973 _222 |
| 100 | 1 | _aSexton, Jared. | |
| 245 | 1 | 0 |
_aAmalgamation schemes _h[electronic resource] : _bantiblackness and the critique of multiracialism / _cJared Sexton. |
| 260 |
_aMinneapolis : _bUniversity of Minnesota Press, _cc2008. |
||
| 300 | _a345 p. | ||
| 504 | _aIncludes bibliographical references (p. 297-325) and index. | ||
| 533 |
_aElectronic reproduction. _bPalo Alto, Calif. : _cebrary, _d2009. _nAvailable via World Wide Web. _nAccess may be limited to ebrary affiliated libraries. |
||
| 650 | 0 |
_aInterracial marriage _zUnited States. |
|
| 650 | 0 |
_aRace discrimination _zUnited States. |
|
| 650 | 0 |
_aRacially mixed people _zUnited States. |
|
| 651 | 0 |
_aUnited States _xRace relations. |
|
| 655 | 7 |
_aElectronic books. _2local |
|
| 710 | 2 | _aebrary, Inc. | |
| 856 | 4 | 0 |
_uhttp://site.ebrary.com/lib/rucke/Doc?id=10277725 _zAn electronic book accessible through the World Wide Web; click to view |
| 999 |
_c5570 _d5570 |
||